Fr. Conceicao Rodrigues College of Engineering

Mathematical Elements for Comp graphics (Record no. 31680)

MARC details
000 -LEADER
fixed length control field 00331nam a2200145Ia 4500
082 ## - DEWEY DECIMAL CLASSIFICATION NUMBER
Classification number 6.6
Item number PAN
100 ## - MAIN ENTRY--PERSONAL NAME
Personal name Rogers/ Adams
245 ## - TITLE STATEMENT
Title Mathematical Elements for Comp graphics
260 ## - PUBLICATION, DISTRIBUTION, ETC.
Name of publisher, distributor, etc. Mc Graw Hill
Place of publication, distribution, etc. New York
Date of publication, distribution, etc. 1990
300 ## - PHYSICAL DESCRIPTION
Extent 630
546 ## - LANGUAGE NOTE
Language note ENGLISH
654 ## - SUBJECT ADDED ENTRY--FACETED TOPICAL TERMS
Focus term Mathematical elements
942 ## - ADDED ENTRY ELEMENTS (KOHA)
Koha item type BOOK
Holdings
Withdrawn status Lost status Damaged status Not for loan Collection Home library Current library Shelving location Date acquired Source of acquisition Cost, normal purchase price Total Checkouts Full call number Barcode Date last seen Cost, replacement price Price effective from Koha item type
        CRC Fr. Agnel's C.Rodrigues College of Engineering Fr. Agnel's C.Rodrigues College of Engineering   17/03/2023 global books 330.34   6.6 PAN 5767 17/03/2023 330.34 17/03/2023 BOOK